000 00711nam a22001817a 4500
003 UA-OsUOA
001 13818
007 ta
008 20030622b un ||||| |||| 00| 0 ukr d
100 _aЛюдвідчук М.
942 _cSA
040 _aUA-OsUOA
_cUA-OsUOA
_dUA-OsUOA
245 _a"Технології - перепустка в майбутнє"
_b[Бесіда з головою правл. Рівнен. облспоживспілки Людвідчуком М.]/Записала Омелянчук І.
300 _aС.2
955 _a0
773 0 _w0
_tРівненський кооператор
_dРівне
_d2003
_g№17/18/25 квіт./
650 7 _aКраєзнавча робота
_2UDC
999 _c299979
_d299979